Kashmiri Cuisine : (Record no. 75431)

MARC details
000 -LEADER
fixed length control field 00599nam a22001817a 4500
005 - DATE AND TIME OF LATEST TRANSACTION
control field 20130513144318.0
010 ## - LCCN (DPL NO)
LC control number ENG-107041
020 ## - INTERNATIONAL STANDARD BOOK NUMBER
International Standard Book Number 9788120777200
Terms of availability 300.00
035 ## - SYSTEM CONTROL NUMBER
System control number EN-90573
037 ## - SOURCE OF ACQUISITION
Source of stock number/acquisition DBAD/PUB
082 ## - DEWEY DECIMAL CLASSIFICATION NUMBER
Classification number 641.59546
100 ## - MAIN ENTRY--PERSONAL NAME
Personal name Ganju, Chandramukhi
245 ## - TITLE STATEMENT
Title Kashmiri Cuisine :
Statement of responsibility, etc by Chandramukhi Ganju
Remainder of title koshur saal-traditional, quick and easy recipes /
260 ## - PUBLICATION, DISTRIBUTION, ETC. (IMPRINT)
Place of publication, distribution, etc New Delhi
Name of publisher, distributor, etc Sterling Paperbacks
Date of publication, distribution, etc 2012
270 ## - ADDRESS
Address A-59, Okhla Industries Area, Phase-II
City New Delhi
Postal code 110020
300 ## - PHYSICAL DESCRIPTION
Extent 117p, :
Dimensions 23cm(pbk)
Other physical details ill.
942 ## - ADDED ENTRY ELEMENTS (KOHA)
Source of classification or shelving scheme Dewey Decimal Classification
Item type English Books
Call number suffix GAN
Classification part 641.59546
Holdings
Withdrawn status Lost status Not for loan Collection code Home library Current library Date acquired Source of acquisition Cost, normal purchase price Full call number Barcode Copy number Cost, replacement price Koha item type
    Not For Loan Fiction D.B.Act.Division D.B.Act.Division 10/05/2013 DBAD/PUB 300.00 641.59546 GAN EN-90574 1 300.00 English Books

© Delhi Public Library
Hit Counter
free hit counter